000 00417nab a2200145Ia 4500
003 ES-SlBCS
005 20210601133734.0
008 140529s1999 xxu||||| |||| 00| 0 por d
041 _apor
100 1 _aLara, Tiago Adao
_9124678
245 0 2 _aA que veio o humanismo?
_c Tiago Adao Lara
650 0 4 _aHumanismo
_92262
773 0 _tEducaçao e Filosofia
_gvol. 13, nº. 25, 1999, págs. 211-230
_wRev1534
942 _cAR
999 _c601347
_d601347